Estadísticas para Las 20 ciudades más pobladas dónde se habla catalán

Haz click aquí para intentar la prueba.

Estadísticas generales

  • Esta prueba ha sido intentada 1.025 veces
  • La puntuación promedio es 11 de 20

Estadísticas de respuestas

PoblaciónRespuesta% Correcto
1.660.122Barcelona
100%
104.320Girona
89%
138.262Tarragona
87%
143.094Lleida
81%
792.492València
75%
274.455L'Hospitalet de Llobregat
74%
338.537Alacant
63%
171.857Castelló de la Plana
62%
225.957Badalona
61%
407.648Palma
59%
218.300Sabadell
55%
225.277Terrassa
48%
108.479Reus
46%
235.580Elx
40%
129.870Mataró
36%
90.303Cornellà de Llobregat
30%
119.862Santa Coloma de Gramanet
28%
97.530Sant Cugat del Vallès
21%
85.142Torrent
19%
119.656Perpinyà
16%

Distribución de puntuación

Porcentaje por número respondido

Porcentaje de gente con cada puntuación

Historial de tus puntuaciones

No has intentado esta prueba.